[Event "Challenge"]
[Site "http://www.queenalice.com/game.php?id=867254"]
[Date "2010.12.3"]
[Round "-"]
[White "Scaracioli"]
[Black "miguel"]
[Result "1-0"]
[WhiteElo "1669"]
[BlackElo "1762"]

1. e4 e5 2. a3 Nf6 3. Nc3 Nc6 4. d3 Bc5 5. b4 Bd4 6. Bb2 d6 7. Nge2 Bg4 8. f3
Be6 9. Nxd4 Nxd4 10. Ne2 Nb5 11. Nc3 Qd7 12. Nxb5 Qxb5 13. c4 Qb6 14. Qd2 O-O
15. g4 c6 16. h4 h5 17. g5 Nh7 18. Bc3 c5 19. b5 a5 20. a4 Qd8 21. Bh3 Bxh3 22.
Rxh3 Qd7 23. Qg2 Qe6 24. Rg3 g6 25. O-O-O b6 26. Bd2 1-0

[Event "Challenge"]
[Site "http://www.queenalice.com/game.php?id=871706"]
[Date "2010.12.14"]
[Round "-"]
[White "Scaracioli"]
[Black "miguel"]
[Result "0-1"]
[WhiteElo "1612"]
[BlackElo "1742"]

1. e4 e5 2. a3 Nf6 3. Nc3 Nc6 4. d3 Bc5 5. b4 Bd4 6. Bb2 d6 7. Rb1 a6 8. h3 O-O
9. Nce2 Bxb2 10. Rxb2 b5 11. g4 a5 12. c3 axb4 13. axb4 Be6 14. Bg2 h6 15. f3
Nh7 16. d4 Qh4+ 17. Kd2 Qf2 18. Bf1 Ng5 19. Kc1 Nxf3 20. Nxf3 Qxf3 21. Rh2 Qxe4
22. Bg2 Qe3+ 23. Qd2 Ra1+ 24. Rb1 Rxb1+ 25. Kc2 Bb3+ 26. Kxb1 Qxd2 27. Be4 d5
28. Bf5 e4 29. Ka1 Qa2# 0-1

[Event "QA-ANNIV-05"]
[Site "http://www.queenalice.com/game.php?id=885900"]
[Date "2011.1.13"]
[Round "7"]
[White "miguel"]
[Black "Bobtzu"]
[Result "1-0"]
[WhiteElo "1767"]
[BlackElo "2002"]

1. e4 d5 2. Nc3 d4 3. Nce2 e5 4. Ng3 c5 5. Bc4 Nf6 6. d3 a6 7. Bg5 Qa5+ 8. Bd2
Qc7 9. Nf3 b5 10. Bd5 Nxd5 11. exd5 Bg4 12. h3 Bxf3 13. Qxf3 Be7 14. O-O O-O 15.
Nf5 Bf6 16. Nh6+ Kh8 17. Nf5 Nd7 18. Rfe1 Rad8 19. Re4 Rg8 20. a4 b4 21. Rg4 Nf8
22. Bg5 Bxg5 23. Rxg5 f6 24. Rg4 Qd7 25. Nh6 f5 26. Nxf5 Ng6 27. Qe4 Qxd5 28.
Qe1 Rgf8 29. Ng3 Nf4 30. f3 Rd6 31. Ne4 Rg6 32. Rg5 Rxg5 33. Nxg5 Rf6 34. Qh4
Rh6 35. Qg4 Qb7 36. Re1 Rf6 37. Rxe5 h6 38. Re8+ 1-0

[Event "QA-ANNIV-05"]
[Site "http://www.queenalice.com/game.php?id=921184"]
[Date "2011.4.3"]
[Round "8"]
[White "Arthur0007"]
[Black "miguel"]
[Result "1-0"]
[WhiteElo "2116"]
[BlackElo "1792"]

1. e4 e5 2. Nf3 Nc6 3. d4 exd4 4. Nxd4 Bc5 5. Be3 Qf6 6. c3 Nge7 7. Nd2 b6 8.
Nc2 Bxe3 9. Nxe3 Bb7 10. Bd3 O-O 11. O-O Ne5 12. Bc2 Rfe8 13. f4 N5g6 14. e5 Qc6
15. Be4 Qc5 16. Bxb7 Qxe3+ 17. Kh1 Rad8 18. Rf3 Qc5 19. b4 1-0

[Event "QA-ANNIV-06"]
[Site "http://www.queenalice.com/game.php?id=924332"]
[Date "2011.4.10"]
[Round "4"]
[White "saida"]
[Black "miguel"]
[Result "1/2-1/2"]
[WhiteElo "1572"]
[BlackElo "1789"]

1. d4 d5 2. c4 e6 3. cxd5 exd5 4. Nc3 Nf6 5. Bg5 Be7 6. e3 c6 7. Nf3 Bf5 8. Bd3
Bxd3 9. Qxd3 Nbd7 10. O-O O-O 11. Rfe1 Ng4 12. Bxe7 Qxe7 13. Qf5 Ndf6 14. h3 Nh6
15. Qe5 Rfe8 16. Qxe7 Rxe7 17. b4 b5 18. Ne5 Rc8 19. a4 a6 20. Rec1 Re6 21. axb5
axb5 22. g4 Ne8 23. Ra7 Nd6 24. Ne2 Ne4 25. Nf4 Rf6 26. f3 Ng5 27. Kg2 Rd6 28.
Rd7 Rxd7 29. Nxd7 f6 30. Ra1 Re8 31. Kf2 Nhf7 32. Ra6 Rc8 33. h4 h6 34. hxg5
hxg5 35. Ng6 Kh7 36. Ngf8+ Kg8 37. Ne6 Nd6 38. Kg3 Nc4 39. Kf2 Nb2 40. Ke2 Nc4
41. Ra7 Re8 42. Nec5 Rxe3+ 43. Kf2 Ra3 44. Rxa3 Nxa3 45. Ke2 Nc2 46. Kd2 Nxd4
47. Nb8 Nxf3+ 48. Ke3 Ne5 49. Kd4 Nxg4 50. Nxc6 f5 51. Ne7+ Kf7 52. Nxf5 Kf6 53.
Ng3 Ne5 54. Kxd5 Nc4 55. Nce4+ Kg6 56. Kc5 Na3 57. Nd6 g4 58. Nxb5 Nc2 59. Nd4
Nxb4 60. Kxb4 Kg5 61. Kc5 Kf4 62. Nde2+ Kg5 63. Kd5 Kf6 64. Ke4 g5 65. Nh5+ Kg6
66. Neg3 Kh6 67. Kf5 Kh7 68. Kf6 Kh6 69. Kf7 Kh7 70. Nf6+ Kh8 71. Kf8 1/2-1/2

[Event "Challenge"]
[Site "http://www.queenalice.com/game.php?id=945649"]
[Date "2011.6.3"]
[Round "-"]
[White "miguel"]
[Black "tio_revas"]
[Result "1-0"]
[WhiteElo "1767"]
[BlackElo "1590"]

1. e4 Nc6 2. d4 e6 3. Nf3 Nf6 4. Nc3 d5 5. e5 Ng4 6. h3 Nh6 7. Bb5 a6 8. Ba4 Bd7
9. O-O Bb4 10. Bd2 O-O 11. a3 Ba5 12. b4 b5 13. Bb3 Bb6 14. Bxh6 gxh6 15. Re1 a5
16. Qd2 axb4 17. Qxh6 f6 18. Nxb5 Qe7 19. axb4 Nxb4 20. c3 Nd3 21. Red1 Rxa1 22.
Rxa1 Bxb5 23. exf6 Qxf6 24. Qh5 Nf4 25. Qg4+ Qg6 26. Ng5 Ne2+ 27. Kh1 Rxf2 28.
Ra8+ Be8 29. Bd1 h5 30. Qxe6+ Qf7 31. Rxe8+ Kg7 32. Qe5+ Rf6 33. Nxf7 Kxf7 34.
Qe7+ Kg6 35. Rg8+ Kf5 36. Qe5# 1-0

[Event "QA-ANNIV-07"]
[Site "http://www.queenalice.com/game.php?id=950611"]
[Date "2011.6.16"]
[Round "1"]
[White "EdsonEstevam"]
[Black "miguel"]
[Result "1-0"]
[WhiteElo "1862"]
[BlackElo "1780"]

1. e4 e5 2. Bc4 Nf6 3. Nc3 Nc6 4. Nf3 Bc5 5. Ng5 O-O 6. d3 d6 7. Bd2 Bg4 8. Ne2
h6 9. h3 Bxe2 10. Qxe2 hxg5 11. Bxg5 Na5 12. O-O-O a6 13. h4 b5 14. Bd5 c6 15.
Bb3 Nxb3+ 16. cxb3 Re8 17. h5 Qa5 18. Bxf6 Qxa2 19. Kc2 gxf6 20. h6 Kf8 21. h7
Ke7 22. g4 a5 23. Ra1 1-0

[Event "QA-ANNIV-05"]
[Site "http://www.queenalice.com/game.php?id=953510"]
[Date "2011.6.24"]
[Round "9"]
[White "miguel"]
[Black "vindaloo"]
[Result "1-0"]
[WhiteElo "1776"]
[BlackElo "1797"]

1. e4 c5 2. Nf3 d6 3. Nc3 Nf6 4. d4 cxd4 5. Nxd4 Nc6 6. Bg5 e5 7. Nf3 Bg4 8. h3
Bxf3 9. Qxf3 Nd4 10. Qd3 h6 11. Bh4 Be7 12. Bg3 a6 13. O-O-O b5 14. f4 exf4 15.
Bxf4 Ne6 16. Bxd6 O-O 17. g4 Bxd6 18. Qxd6 Qxd6 19. Rxd6 Rfe8 20. Bd3 Nc5 21.
Re1 Nxd3+ 22. cxd3 Rec8 23. Kb1 b4 24. Nd5 Nxd5 25. Rxd5 a5 26. g5 hxg5 27. Rxg5
f6 28. Rg6 Ra7 29. e5 fxe5 30. Rxe5 a4 31. Rg4 b3 32. h4 Rf8 33. Re1 Raf7 34.
Rgg1 Rd8 35. Rd1 Rd4 36. h5 Kh7 37. Rg5 Rfd7 38. Rg3 Rc4 39. axb3 axb3 40. d4
Rb4 41. Kc1 Ra4 42. Rxb3 Rdxd4 43. Rxd4 Rxd4 44. Rh3 Kh6 45. Kc2 Rd5 46. b4 g5
47. hxg6+ Kxg6 48. Rf3 Rf5 49. Rxf5 Kxf5 50. Kc3 Ke5 51. Kc4 Kd6 52. b5 Kc7 53.
Kc5 Kb7 54. b6 Kc8 55. Kc6 Kb8 56. b7 1-0

[Event "QA-ANNIV-06"]
[Site "http://www.queenalice.com/game.php?id=966965"]
[Date "2011.7.31"]
[Round "5"]
[White "matamuff"]
[Black "miguel"]
[Result "0-1"]
[WhiteElo "1878"]
[BlackElo "1793"]

1. Nf3 d5 2. b3 Nf6 3. d4 Nc6 4. Bb2 Bf5 5. e3 a6 6. Bd3 e6 7. a3 Bd6 8. c4 O-O
9. Nc3 Bg4 10. h3 Bh5 11. c5 Be7 12. Qc2 g6 13. Ne5 Nxe5 14. Be2 Bxe2 15. Qxe2
Nc6 16. b4 b5 17. h4 Nh5 18. g4 Nf6 19. f4 Ne4 20. Nxe4 dxe4 21. h5 a5 22. Qxb5
Qd7 23. g5 Rfb8 24. Qe2 axb4 25. Kf2 bxa3 26. Bxa3 Rb3 27. Bb2 Qc8 28. Kg3 Qb7
29. hxg6 fxg6 30. Qh2 h5 31. gxh6 Kh7 32. Rxa8 Rxb2 33. Qh3 Qxa8 34. Qxe6 Qe8
35. f5 gxf5 36. d5 Nd8 37. Qe5 Bd6 38. Qxd6 cxd6 0-1

[Event "QA-ANNIV-05"]
[Site "http://www.queenalice.com/game.php?id=983062"]
[Date "2011.9.9"]
[Round "10"]
[White "HelderNanques"]
[Black "miguel"]
[Result "1-0"]
[WhiteElo "2147"]
[BlackElo "1812"]

1. e4 e5 2. Bb5 Nf6 3. Nf3 Bd6 4. d4 Qe7 5. d5 a6 6. Bd3 c6 7. c4 cxd5 8. cxd5
Bb4+ 9. Nc3 d6 10. Qa4+ Nbd7 11. Qxb4 Nc5 12. Bc2 Bd7 13. Bg5 b5 14. Bxf6 Qxf6
15. Ne2 Bg4 16. Nfg1 Qg5 17. Qd2 Qxd2+ 18. Kxd2 O-O 19. f3 Bd7 20. b4 Na4 21.
Bxa4 bxa4 22. Nh3 f5 23. Rhc1 fxe4 24. fxe4 a3 25. Rf1 Rfc8 26. Rac1 Rab8 27.
Rxc8+ Bxc8 28. Kc3 Bg4 29. Nc1 Bd7 30. Kb3 a5 31. Kxa3 Rxb4 32. Re1 Rc4 33. Kb2
Ba4 34. Nb3 Rb4 35. Nf2 Bb5 36. Kc3 Rc4+ 37. Kd2 Ra4 38. Ra1 Bc4 39. Kc3 Bb5 40.
a3 Rc4+ 41. Kb2 a4 42. Na5 Rd4 43. Rd1 Rxd1 44. Nxd1 Bd3 45. Nf2 Bf1 46. g3 Kf7
47. Kc3 g5 48. Kb4 h5 49. Kxa4 g4 50. Kb4 Ke7 51. Nc4 1-0

[Event "QA-ANNIV-07"]
[Site "http://www.queenalice.com/game.php?id=992114"]
[Date "2011.10.1"]
[Round "2"]
[White "miguel"]
[Black "Rutty"]
[Result "0-1"]
[WhiteElo "1809"]
[BlackElo "1982"]

1. e4 e5 2. Nf3 Nc6 3. Bc4 Bc5 4. Nc3 Nf6 5. d3 h6 6. O-O O-O 7. h3 d6 8. Re1
Be6 9. Bxe6 fxe6 10. a3 Qe7 11. b4 Bb6 12. Bb2 Rf7 13. Na4 Raf8 14. c4 Bd4 15.
b5 Bxb2 16. Nxb2 Nd4 17. Nxd4 exd4 18. Qa4 Ra8 19. Rac1 a5 20. bxa6 Rxa6 21. Qb4
Rb6 22. Qd2 c5 23. e5 Nd7 24. f4 dxe5 25. fxe5 Ra6 26. a4 Rf5 27. Re4 Nb6 28. g4
Rf3 29. Kg2 Qf7 30. a5 Nd7 31. Na4 g5 32. Qe2 Rf4 33. Rf1 Rxf1 34. Qxf1 Qxf1+
35. Kxf1 Rxa5 36. Nb2 Ra3 37. Kf2 Rb3 38. Re2 Kg7 39. Kg3 b5 40. h4 b4 41. h5
Ra3 42. Kf3 Ra2 43. Ke4 Nb6 44. Rf2 Na4 45. Rf6 Rxb2 46. Rxe6 Re2+ 47. Kf5 Rf2+
48. Ke4 Nc3# 0-1

[Event "QA-ANNIV-06"]
[Site "http://www.queenalice.com/game.php?id=1008753"]
[Date "2011.11.15"]
[Round "6"]
[White "miguel"]
[Black "Yaroo"]
[Result "0-1"]
[WhiteElo "1800"]
[BlackElo "1945"]

1. e4 c6 2. Nc3 d5 3. Nf3 Bg4 4. Be2 e6 5. d3 Nf6 6. Bg5 Be7 7. O-O O-O 8. a3
Nbd7 9. Nd4 Bxe2 10. Ndxe2 Bd6 11. Re1 Bxh2+ 12. Kf1 Bd6 13. Nf4 h6 14. Bxf6
Qxf6 15. Nh5 Qh4 16. Qf3 g6 17. Ng3 Ne5 18. Qe3 Ng4 19. Qe2 Bxg3 0-1

[Event "Challenge"]
[Site "http://www.queenalice.com/game.php?id=1031438"]
[Date "2012.2.20"]
[Round "-"]
[White "miguel"]
[Black "zmanomega"]
[Result "1-0"]
[WhiteElo "1790"]
[BlackElo "1605"]

1. e4 e5 2. Nf3 d6 3. Bc4 Nf6 4. Nc3 c6 5. b3 Bg4 6. h3 Bxf3 7. Qxf3 b5 8. Bd3
b4 9. Na4 Nbd7 10. Bb2 d5 11. O-O d4 12. c3 c5 13. Bb5 Be7 14. Nxc5 Bxc5 15. Qf5
O-O 16. cxd4 exd4 17. e5 a6 18. Bc6 Rc8 19. Bb7 Rc7 20. Bxa6 Nd5 21. Bd3 g6 22.
Qe4 f5 23. Qxd5+ Kh8 24. Bxd4 Bxd4 25. Qxd4 h5 26. e6+ Nf6 27. Qxb4 Re8 28. Rfe1
Nd5 29. Qd4+ Kh7 30. a4 Qa8 31. Bc4 Nb4 32. Qb6 Rc6 33. Qxb4 Kh6 34. Bd5 g5 35.
Rac1 Qa6 36. Rxc6 Qa7 37. e7+ Kg7 38. Qd6 1-0

[Event "Challenge"]
[Site "http://www.queenalice.com/game.php?id=1045004"]
[Date "2012.4.2"]
[Round "-"]
[White "filomenos"]
[Black "miguel"]
[Result "0-1"]
[WhiteElo "1852"]
[BlackElo "1799"]

1. d4 d5 2. g3 Nf6 3. Bg2 Nc6 4. Nf3 Bg4 5. O-O e6 6. Bg5 Be7 7. c3 O-O 8. Nbd2
h6 9. Bxf6 Bxf6 10. Nb3 b6 11. Qc2 a5 12. Rfe1 a4 13. Nbd2 b5 14. e4 dxe4 15.
Nxe4 Na5 16. Nxf6+ Qxf6 17. Ne5 Bf5 18. Qe2 Qe7 19. Bxa8 Rxa8 20. Qxb5 f6 21.
Nc6 Qd7 22. Na7 Qxb5 23. Nxb5 c6 24. Nc7 Rb8 25. Re2 Nc4 26. b3 axb3 27. axb3
Rxb3 28. Nxe6 Bd3 29. Ree1 Nd2 30. Kh1 Be4+ 31. Kg1 Nf3+ 32. Kf1 Nxe1 33. Rxe1
Bd3+ 34. Kg1 Rxc3 35. Nc5 g5 36. Re3 Rc1+ 37. Kg2 Bf1+ 38. Kf3 f5 39. Ne6 g4+
40. Kf4 Rc2 41. Kxf5 Rxf2+ 42. Kxg4 Kh7 43. h4 Be2+ 44. Kh3 h5 45. Nd8 Bf1# 0-1

[Event "Challenge"]
[Site "http://www.queenalice.com/game.php?id=1112012"]
[Date "2012.10.13"]
[Round "-"]
[White "miguel"]
[Black "izabela"]
[Result "1-0"]
[WhiteElo "1817"]
[BlackElo "1342"]

1. e4 e5 2. Nf3 Nc6 3. Nc3 Nf6 4. Bc4 Bb4 5. a3 Bxc3 6. dxc3 O-O 7. Bg5 d6 8. h3
h6 9. Bh4 g5 10. Bg3 Nxe4 11. Qd3 Bf5 12. Qe2 Nxg3 13. fxg3 e4 14. Nd4 Re8 15.
Nxf5 e3 16. Nxh6+ Kf8 17. Qh5 Ne5 18. Nxf7 Nxf7 19. Qxf7# 1-0